LEADER 01069nam a2200253 u 4500 001 000000119291 003 CaOOAMICUS 005 20190507130851.0 008 100118t2007 it u000 u ita r 020 $z978-88-534-0268-4* 032 $aLibriCat 040 $aPUL$bita$dReb 100 1 $aLivi, Antonio,$d1937-$0(OLS)http://pul/name/10769 245 10$aStoria sociale della filosofia :$pla filosofia moderna /$cAntonio Livi. 260 $aRoma :$bSocietą editrice Dante Alighieri,$c©2007. 300 $a372 ;$c27 cm 650 4$aFilosofia moderna$xStoria.$0(OLS)http://pul/subject/6740 850 $aPUL 852 $aPUL$W1$xSL Cons. Gen., Altre Classi 1$y1$m1391 A 17.2$j136891$qStampati$B135913$CPULBib$Z2$F135913 $H111996 $82 941 1 $a8 996 $6020$z978-88-534-0268-4*$9(OLS)http://pul/number/143016 996 $6245$aStoria sociale della filosofia :$pla filosofia moderna$9(OLS)http://pul/title/150105 996 $6260$aRoma :$bSocietą editrice Dante Alighieri$9(OLS)http://pul/publisher/53596 LEADER 01329nam a2200265 a 4500 001 000000092368 003 CaOOAMICUS 005 20150625173424.0 008 060607s2004 it bf u000 u ita r 035 $a11091822 040 $aPUL$bita 100 1 $aMeschini, Marco,$d1972-$0(OLS)http://pul/name/41370 245 10$a1204: L'incompiuta :$bla quarta crociata e le conquiste di Costantinopoli /$cMarco Meschini. 260 $aMilano :$bMondadori, Biblioteca storica,$c2004. 300 $a256 p., [6] p. di tav. :$bc. geogr. ;$c22 cm 490 1 $aBiblioteca storica. Il Medioevo ;$v11 500 $aEdizione speciale per "Il Giornale", pubblicata su licenza di Mondadori Libri, desunta dall'edizione del 2004, ed. Ancora, Milano. 504 $aBibliografia: p. 237-248. 650 4$aCrociate$zBisanzio.$0(OLS)http://pul/subject/15932 830 0$aBiblioteca storica (Il Giornale)$p[Medioevo] ;$v11.$0(OLS)http://pul/title/131613 850 $aPUL 852 $aPUL$W1$xDP2 Filosofia 3$y112$m940.1 COLL 2.11$j116190$nBK-PRI$qDDC 21$B116190$CPULBib$Z2$F116190 $HPUL101043 $82 941 1 $a8 996 $6245$a1204: L'incompiuta :$bla quarta crociata e le conquiste di Costantinopoli$9(OLS)http://pul/title/119207 996 $6260$aMilano :$bMondadori, Biblioteca storica$9(OLS)http://pul/publisher/79096